MICHEL SERVET, Sept livres sur les erreurs de la Trinité. Édition bilingue. Traduction du latin par ROLANDE-MICHELLE BÉNIN et MARIE- LOUISE GICQUEL. Champion, 2008. Un vol. de 637 p. (notice n° 1654661)

détails MARC
000 -LEADER
fixed length control field 01392cam a2200157 4500500
005 - DATE AND TIME OF LATEST TRANSACTION
control field 20260208005954.0
041 ## - LANGUAGE CODE
Language code of text/sound track or separate title fre
042 ## - AUTHENTICATION CODE
Authentication code dc
100 10 - MAIN ENTRY--PERSONAL NAME
Personal name Boudou, Bénédicte
Relator term author
245 00 - TITLE STATEMENT
Title MICHEL SERVET, Sept livres sur les erreurs de la Trinité. Édition bilingue. Traduction du latin par ROLANDE-MICHELLE BÉNIN et MARIE- LOUISE GICQUEL. Champion, 2008. Un vol. de 637 p.
260 ## - PUBLICATION, DISTRIBUTION, ETC.
Date of publication, distribution, etc. 2010.<br/>
500 ## - GENERAL NOTE
General note 100
520 ## - SUMMARY, ETC.
Summary, etc. En mai 1939, le mécène Robert Zunz commande à Max Jacob deux albums importantscomposés de gouaches, de dessins et de poèmes. L’artiste a entretenu une correspondanced’affaire avec son client qui évolue rapidement. La déclaration de guerre, l’exode, l’Occupation, l’arrestation de Zunz le 12 décembre 1941, son incarcération au camp de Compiègnevont bouleverser la situation. Le destin croisé de deux hommes permet de saisir le portrait dedeux Juifs français convertis que les persécutions vont plonger, malgré le réconfort et le salutde la Foi, dans l’effondrement. L’article est truffé de nombreux extraits de la correspondanceet présente par ailleurs un choix de lettres significatif.
786 0# - DATA SOURCE ENTRY
Note Revue d'histoire littéraire de la France | 109 | 4 | 2010-01-06 | p. 937b-939b | 0035-2411
856 41 - ELECTRONIC LOCATION AND ACCESS
Uniform Resource Identifier <a href="https://shs.cairn.info/revue-d-histoire-litteraire-de-la-france-2009-4-page-937b?lang=fr&redirect-ssocas=7080">https://shs.cairn.info/revue-d-histoire-litteraire-de-la-france-2009-4-page-937b?lang=fr&redirect-ssocas=7080</a>

Pas d'exemplaire disponible.

PLUDOC

PLUDOC est la plateforme unique et centralisée de gestion des bibliothèques physiques et numériques de Guinée administré par le CEDUST. Elle est la plus grande base de données de ressources documentaires pour les Étudiants, Enseignants chercheurs et Chercheurs de Guinée.

Adresse

627 919 101/664 919 101

25 boulevard du commerce
Kaloum, Conakry, Guinée

Réseaux sociaux

Powered by Netsen Group @ 2025